00740nam a2200193 i 450000100060000000300090000600500170001500700030003200800410003508000280007608000280010424501730013226000750030530000210038065000390040165000340044071000390047485200330051391818ES-MaACL20230906180826.0t|050222s2004 sp ||||1| spa d a821.134.2-32"19"(082.2) a821.134.2-14"19"(082.2)00aVIII Premio de Poesía Rincón Poético. XIV Premio de Relatos Cortos. XVII Pregón de la Feria de la Manzanilla b: Ateneo de Sanlúcar, Sanlúcar de Bda., 2004. aSanlúcar de Barrameda : bAteneo de Sanlúcar de Barrameda, c2004. a83 p. ; c21 cm. 4aNovelas cortas españolas-yS.XX. 4aPoesías españolas-yS.XX.2 aAteneo de Sanlúcar de Barrameda. aES-MaACLjL-28868 bR.135286